Coches campeones del Dakar - Actualizado - Estadísticas

Estadísticas generales
  • Esta prueba ha sido intentada 46 veces
  • La puntuación promedio es 29 de 46
Estadísticas de respuestas
Año Marca % Correcto
2024 Audi
97%
2025 Toyota
92%
2023 Toyota
92%
2022 Toyota
92%
2019 Toyota
92%
1983 Mercedes
69%
2018 Peugeot
67%
2017 Peugeot
67%
2016 Peugeot
67%
1990 Peugeot
67%
1989 Peugeot
67%
1988 Peugeot
67%
1987 Peugeot
67%
2021 Mini
64%
2020 Mini
64%
2015 Mini
64%
2014 Mini
64%
2013 Mini
64%
2012 Mini
64%
1986 Porsche
64%
1984 Porsche
64%
1982 Renault
64%
1996 Citroen
62%
1995 Citroen
62%
1994 Citroen
62%
1991 Citroen
62%
2011 Volkswagen
62%
2010 Volkswagen
62%
2009 Volkswagen
62%
1980 Volkswagen
62%
2007 Mitsubishi
59%
2006 Mitsubishi
59%
2005 Mitsubishi
59%
2004 Mitsubishi
59%
2003 Mitsubishi
59%
2002 Mitsubishi
59%
2001 Mitsubishi
59%
1998 Mitsubishi
59%
1997 Mitsubishi
59%
1993 Mitsubishi
59%
1992 Mitsubishi
59%
1985 Mitsubishi
59%
1981 Range Rover
44%
1979 Range Rover
44%
2000 Schlesser
23%
1999 Schlesser
23%
No se encontraron pruebas coincidentes
Distribución de puntuación
Porcentaje de gente con cada puntuación
Porcentaje por número respondido
Historial de tus puntuaciones
No has intentado esta prueba.